| 000 | 00623nam a2200229Ia 4500 | ||
|---|---|---|---|
| 003 | OSt | ||
| 005 | 20220928144143.0 | ||
| 006 | a|||||r|||| 00| 0 | ||
| 007 | ta | ||
| 008 | 220927b |||||||| |||| 00| 0 eng d | ||
| 024 | _a24623 | ||
| 037 | _cTextual | ||
| 040 |
_aSDCL _cSDCL _beng |
||
| 041 |
_2eng _aeng |
||
| 082 | _aG:527, N4 | ||
| 100 |
_aBowles Marlin L Ed. _9507172 |
||
| 245 | 0 | _aRestoration of endangered species. | |
| 260 | _c1994 | ||
| 700 |
_a Whelan Christopher J Ed. _9507173 |
||
| 942 |
_hG:527, N4 _cTEXL _2CC |
||
| 999 |
_c826494 _d826494 |
||